00416nam a2200157 a 450000100060000000300090000600800410001502000150005604000280007108200090009910000250010824500350013326000500016830000070021865000330022521763CO-ViMGA141112s2004 ck r 000 u spa d a9681657985 aCO-ViMGAbspacCO-ViMGA04aMURu1 aMurail, Marie - Aude10aUn domingo con los dinosaurios aMexico : bFondo de cultura economica, c1998 a4314aCUENTOS INFANTILES FRANCESES